<?xml version="1.0" encoding="UTF-8"?>
<record
    xmlns:xsi="http://www.w3.org/2001/XMLSchema-instance"
    xsi:schemaLocation="http://www.loc.gov/MARC21/slim http://www.loc.gov/standards/marcxml/schema/MARC21slim.xsd"
    xmlns="http://www.loc.gov/MARC21/slim">

  <leader>03630nam a22006617a 4500</leader>
  <controlfield tag="005">20241028143815.0</controlfield>
  <controlfield tag="008">121015t        sp ||||| |||| 00| 0 spa d</controlfield>
  <datafield tag="020" ind1=" " ind2=" ">
    <subfield code="a">8432929239 (V.4)</subfield>
  </datafield>
  <datafield tag="020" ind1=" " ind2=" ">
    <subfield code="a">8432929379 (V.5)</subfield>
  </datafield>
  <datafield tag="020" ind1=" " ind2=" ">
    <subfield code="a">8432929107 (V.6)</subfield>
  </datafield>
  <datafield tag="020" ind1=" " ind2=" ">
    <subfield code="a">8432929123 (V.7)</subfield>
  </datafield>
  <datafield tag="020" ind1=" " ind2=" ">
    <subfield code="a">843292928X (V.8)</subfield>
  </datafield>
  <datafield tag="020" ind1=" " ind2=" ">
    <subfield code="a">8432929344 (V.9)</subfield>
  </datafield>
  <datafield tag="020" ind1=" " ind2=" ">
    <subfield code="a">843292914X (V.10)</subfield>
  </datafield>
  <datafield tag="020" ind1=" " ind2=" ">
    <subfield code="a">8432929026 (V.11)</subfield>
  </datafield>
  <datafield tag="020" ind1=" " ind2=" ">
    <subfield code="a">8432929042 (V.12)</subfield>
  </datafield>
  <datafield tag="020" ind1=" " ind2=" ">
    <subfield code="a">8432929050 (V.13)</subfield>
  </datafield>
  <datafield tag="020" ind1=" " ind2=" ">
    <subfield code="a">8432929646 (V.14)</subfield>
  </datafield>
  <datafield tag="020" ind1=" " ind2=" ">
    <subfield code="a">8432929654 (V.15)</subfield>
  </datafield>
  <datafield tag="020" ind1=" " ind2=" ">
    <subfield code="a">8432929077 (V.16)</subfield>
  </datafield>
  <datafield tag="020" ind1=" " ind2=" ">
    <subfield code="a">8432929301 (V.18)</subfield>
  </datafield>
  <datafield tag="020" ind1=" " ind2=" ">
    <subfield code="a">8432929581 (V.20)</subfield>
  </datafield>
  <datafield tag="020" ind1=" " ind2=" ">
    <subfield code="a">8432929220 (V.21)</subfield>
  </datafield>
  <datafield tag="020" ind1=" " ind2=" ">
    <subfield code="a">84329291508 (V.22)</subfield>
  </datafield>
  <datafield tag="020" ind1=" " ind2=" ">
    <subfield code="a">8432929328 (V.23)</subfield>
  </datafield>
  <datafield tag="020" ind1=" " ind2=" ">
    <subfield code="a">8432929514 (V.24)</subfield>
  </datafield>
  <datafield tag="020" ind1=" " ind2=" ">
    <subfield code="a">843292959X (V.25)</subfield>
  </datafield>
  <datafield tag="020" ind1=" " ind2=" ">
    <subfield code="a">8432929433 (V.26) </subfield>
  </datafield>
  <datafield tag="020" ind1=" " ind2=" ">
    <subfield code="a">8432929387 (V.27)</subfield>
  </datafield>
  <datafield tag="020" ind1=" " ind2=" ">
    <subfield code="a">8432929484 (V.28)</subfield>
  </datafield>
  <datafield tag="020" ind1=" " ind2=" ">
    <subfield code="a">8432929476 (V.29)</subfield>
  </datafield>
  <datafield tag="020" ind1=" " ind2=" ">
    <subfield code="a">843292931X (V.30)</subfield>
  </datafield>
  <datafield tag="050" ind1="0" ind2="4">
    <subfield code="a">TH9 </subfield>
    <subfield code="b">M66 1990</subfield>
  </datafield>
  <datafield tag="240" ind1="1" ind2="0">
    <subfield code="a">[Enciclopedia de la Construcci&#xF3;n]</subfield>
  </datafield>
  <datafield tag="245" ind1="1" ind2="0">
    <subfield code="a">Monograf&#xED;as ceac de la construcci&#xF3;n</subfield>
    <subfield code="c"> / Federico Ulsamer ... [et al ]</subfield>
  </datafield>
  <datafield tag="250" ind1=" " ind2=" ">
    <subfield code="a">28a ed.</subfield>
  </datafield>
  <datafield tag="260" ind1=" " ind2=" ">
    <subfield code="a">Barcelona, Espa&#xF1;a,</subfield>
    <subfield code="b">Ediciones Ceas, </subfield>
    <subfield code="c">1990.</subfield>
  </datafield>
  <datafield tag="300" ind1=" " ind2=" ">
    <subfield code="a">v. :</subfield>
    <subfield code="b">il. ;</subfield>
    <subfield code="c">22 cm.</subfield>
  </datafield>
  <datafield tag="500" ind1=" " ind2=" ">
    <subfield code="a">Incluye &#xED;ndice</subfield>
  </datafield>
  <datafield tag="505" ind1=" " ind2=" ">
    <subfield code="t">V:5. El Hierro en la Construcci&#xF3;n </subfield>
    <subfield code="r"> / Mario Hern&#xE1;ndez --</subfield>
    <subfield code="t">V:6. Nuevos Proyectos de Chalets </subfield>
    <subfield code="r"> / L. Trapero Pros --</subfield>
    <subfield code="t">V:7. 250 Modelos de Cerrajer&#xED;a </subfield>
    <subfield code="r"> / Anselmo Rodr&#xED;guez Hern&#xE1;ndez --</subfield>
    <subfield code="t">V:8. Instalaciones Sanitarias en Viviendas </subfield>
    <subfield code="r"> / Jos&#xE9; Ortega Garc&#xED;a --</subfield>
    <subfield code="t">V:9. 25 Modernos Proyectos de Chalets </subfield>
    <subfield code="r"> / Javier Borell Greich ... [et al] --</subfield>
    <subfield code="t">V:10. Topograf&#xED;a Pr&#xE1;ctica</subfield>
    <subfield code="r"> / Jos&#xE9; Zurita Ruiz --</subfield>
    <subfield code="t">V:11. Humedades en la Construcci&#xF3;n </subfield>
    <subfield code="r"> / Federico Ulsamer --</subfield>
    <subfield code="t">V:12. Pr&#xE1;ctica Constructiva</subfield>
    <subfield code="r"> / Francisco Arquero --</subfield>
    <subfield code="t">V:13. Diccionario B&#xE1;sico de la Construcci&#xF3;n </subfield>
    <subfield code="r"> / Jos&#xE9; Zurita Ruiz --</subfield>
    <subfield code="t">V:14. Instalaciones El&#xE9;ctricas I </subfield>
    <subfield code="r"> / J. Ram&#xED;rez V&#xE1;zquez --</subfield>
    <subfield code="t">V:15. Instalaciones El&#xE9;ctricas II</subfield>
    <subfield code="r"> / J. Ram&#xED;rez V&#xE1;zquez --</subfield>
    <subfield code="t">V:16. Presupuestos para la Construcci&#xF3;n</subfield>
    <subfield code="r"> / F&#xE9;lix &#xC1;lvarez Mart&#xED;nez --</subfield>
    <subfield code="t">V:18. Arco y B&#xF3;vedas </subfield>
    <subfield code="r"> / Francisco Moreno Garc&#xED;a --</subfield>
    <subfield code="t">V:20. Aislamiento T&#xE9;rmico y Ac&#xFA;stico</subfield>
    <subfield code="r"> / Miguel Pay&#xE1; --</subfield>
    <subfield code="t">V:21. Construcci&#xF3;n de Cimientos</subfield>
    <subfield code="r"> / &#xC1;ngel Hidalgo Bahamontes --</subfield>
    <subfield code="t">V:20. Aislamiento T&#xE9;rmico y Ac&#xFA;stico</subfield>
    <subfield code="r"> / Miguel Pay&#xE1; --</subfield>
    <subfield code="t">V:22. Complementos del Chalet </subfield>
    <subfield code="r">/ Federico Ulsamer --</subfield>
    <subfield code="t">V:23. Formulario para la construcci&#xF3;n</subfield>
    <subfield code="r"> / Jos&#xE9; Zurita Ruiz --</subfield>
    <subfield code="t">V:24. Encofrados</subfield>
    <subfield code="r"> / Jos&#xE9; Gri&#xF1;&#xE1;n --</subfield>
    <subfield code="t">V:25. Colecci&#xF3;n de Locales Industriales --</subfield>
    <subfield code="t">V:26. Hormig&#xF3;n Vibrado y Especiales </subfield>
    <subfield code="r"> / Miguel Pay&#xE1; Peinado --</subfield>
    <subfield code="t">V:27. Hormig&#xF3;n Pretensado</subfield>
    <subfield code="r"> / Miguel Pay&#xE1; --</subfield>
    <subfield code="t">V:28. Organizaci&#xF3;n de Obras</subfield>
    <subfield code="r"> / Gonzalo Garc&#xED;a Ruiz --</subfield>
    <subfield code="t">V:29. Arquitectura Legal </subfield>
    <subfield code="r"> / Jos&#xE9; Ortega Garc&#xED;a --</subfield>
    <subfield code="t">V:30. Cuchillos de Hierro y Madera</subfield>
    <subfield code="r"> / Francisco Arquero.</subfield>
  </datafield>
  <datafield tag="650" ind1=" " ind2="7">
    <subfield code="2">lemb</subfield>
    <subfield code="a">Construcci&#xF3;n</subfield>
    <subfield code="v">Enciclopedias y Diccionarios</subfield>
  </datafield>
  <datafield tag="700" ind1="1" ind2=" ">
    <subfield code="a">Hern&#xE1;ndez, Mario, </subfield>
    <subfield code="e">autor</subfield>
  </datafield>
  <datafield tag="700" ind1="1" ind2=" ">
    <subfield code="a">Trapero Pros, L., </subfield>
    <subfield code="e">autor</subfield>
  </datafield>
  <datafield tag="700" ind1="1" ind2=" ">
    <subfield code="a">Rodr&#xED;guez Hern&#xE1;ndez, Anselmo, </subfield>
    <subfield code="e">autor</subfield>
  </datafield>
  <datafield tag="700" ind1="1" ind2=" ">
    <subfield code="a">Ortega Garc&#xED;a, Jos&#xE9;, </subfield>
    <subfield code="e">autor</subfield>
  </datafield>
  <datafield tag="700" ind1="1" ind2=" ">
    <subfield code="a">Borell Greich, Javier, </subfield>
    <subfield code="e">autor</subfield>
  </datafield>
  <datafield tag="700" ind1="1" ind2=" ">
    <subfield code="a">Zurita Ruiz, Jos&#xE9;, </subfield>
    <subfield code="e">autor</subfield>
  </datafield>
  <datafield tag="700" ind1="1" ind2=" ">
    <subfield code="a">Ulsamer, Federico, </subfield>
    <subfield code="e">autor</subfield>
  </datafield>
  <datafield tag="700" ind1="1" ind2=" ">
    <subfield code="a">Arquero, Francisco, </subfield>
    <subfield code="e">autor</subfield>
  </datafield>
  <datafield tag="700" ind1="1" ind2=" ">
    <subfield code="a">Zurita  Ruiz, Jos&#xE9;, </subfield>
    <subfield code="e">autor</subfield>
  </datafield>
  <datafield tag="700" ind1="1" ind2=" ">
    <subfield code="a">Ram&#xED;rez V&#xE1;zquez, J., </subfield>
    <subfield code="e">autor</subfield>
  </datafield>
  <datafield tag="700" ind1="1" ind2=" ">
    <subfield code="a">&#xC1;lvarez Mart&#xED;nez, F&#xE9;lix, </subfield>
    <subfield code="e">autor</subfield>
  </datafield>
  <datafield tag="700" ind1="1" ind2=" ">
    <subfield code="a">Moreno Garc&#xED;a, Francisco, </subfield>
    <subfield code="e">autor</subfield>
  </datafield>
  <datafield tag="700" ind1="1" ind2=" ">
    <subfield code="a">Pay&#xE1;, Miguel, </subfield>
    <subfield code="e">autor</subfield>
  </datafield>
  <datafield tag="700" ind1="1" ind2=" ">
    <subfield code="a">Hidalgo Bahamontes, &#xC1;ngel, </subfield>
    <subfield code="e">autor</subfield>
  </datafield>
  <datafield tag="700" ind1="1" ind2=" ">
    <subfield code="a">Gri&#xF1;&#xE1;n, jos&#xE9;, </subfield>
    <subfield code="e">autor</subfield>
  </datafield>
  <datafield tag="942" ind1=" " ind2=" ">
    <subfield code="2">lcc</subfield>
    <subfield code="c">LIB</subfield>
  </datafield>
  <datafield tag="999" ind1=" " ind2=" ">
    <subfield code="c">33786</subfield>
    <subfield code="d">33786</subfield>
  </datafield>
  <datafield tag="952" ind1=" " ind2=" ">
    <subfield code="0"> | </subfield>
    <subfield code="1">0</subfield>
    <subfield code="2">lcc</subfield>
    <subfield code="4">0</subfield>
    <subfield code="7">0</subfield>
    <subfield code="a">UCIH</subfield>
    <subfield code="b">UCIH</subfield>
    <subfield code="c">CONSULTA</subfield>
    <subfield code="d">2012-10-15</subfield>
    <subfield code="f">1a ed.</subfield>
    <subfield code="h">V.4</subfield>
    <subfield code="k">IT</subfield>
    <subfield code="o">TH9 M66 1990 </subfield>
    <subfield code="p">BCU000012041</subfield>
    <subfield code="r">2015-01-16 00:00:00</subfield>
    <subfield code="t">1</subfield>
    <subfield code="v">1.00</subfield>
    <subfield code="y">LIB</subfield>
  </datafield>
  <datafield tag="952" ind1=" " ind2=" ">
    <subfield code="0"> | </subfield>
    <subfield code="1">0</subfield>
    <subfield code="2">lcc</subfield>
    <subfield code="4">0</subfield>
    <subfield code="7">0</subfield>
    <subfield code="a">UCIH</subfield>
    <subfield code="b">UCIH</subfield>
    <subfield code="c">CONSULTA</subfield>
    <subfield code="d">2012-10-15</subfield>
    <subfield code="f">1a ed.</subfield>
    <subfield code="h">V.5</subfield>
    <subfield code="k">IT</subfield>
    <subfield code="o">TH9 M66 1990 </subfield>
    <subfield code="p">BCU000012042</subfield>
    <subfield code="r">2015-01-16 00:00:00</subfield>
    <subfield code="t">1</subfield>
    <subfield code="v">1.00</subfield>
    <subfield code="y">LIB</subfield>
  </datafield>
  <datafield tag="952" ind1=" " ind2=" ">
    <subfield code="0"> | </subfield>
    <subfield code="1">0</subfield>
    <subfield code="2">lcc</subfield>
    <subfield code="4">0</subfield>
    <subfield code="7">0</subfield>
    <subfield code="a">UCIH</subfield>
    <subfield code="b">UCIH</subfield>
    <subfield code="c">CONSULTA</subfield>
    <subfield code="d">2012-10-15</subfield>
    <subfield code="f">1a ed.</subfield>
    <subfield code="h">V.7</subfield>
    <subfield code="k">IT</subfield>
    <subfield code="o">TH9 M66 1992</subfield>
    <subfield code="p">BCU000012043</subfield>
    <subfield code="r">2015-01-16 00:00:00</subfield>
    <subfield code="t">1</subfield>
    <subfield code="v">1.00</subfield>
    <subfield code="y">LIB</subfield>
  </datafield>
  <datafield tag="952" ind1=" " ind2=" ">
    <subfield code="0"> | </subfield>
    <subfield code="1">0</subfield>
    <subfield code="2">lcc</subfield>
    <subfield code="4">0</subfield>
    <subfield code="7">0</subfield>
    <subfield code="a">UCIH</subfield>
    <subfield code="b">UCIH</subfield>
    <subfield code="c">CONSULTA</subfield>
    <subfield code="d">2012-10-15</subfield>
    <subfield code="f">1a ed.</subfield>
    <subfield code="h">V.8</subfield>
    <subfield code="k">IT</subfield>
    <subfield code="o">TH9 M66 1992 </subfield>
    <subfield code="p">BCU000012044</subfield>
    <subfield code="r">2012-10-15 00:00:00</subfield>
    <subfield code="t">1</subfield>
    <subfield code="v">1.00</subfield>
    <subfield code="y">LIB</subfield>
  </datafield>
  <datafield tag="952" ind1=" " ind2=" ">
    <subfield code="0"> | </subfield>
    <subfield code="1">0</subfield>
    <subfield code="2">lcc</subfield>
    <subfield code="4">0</subfield>
    <subfield code="7">0</subfield>
    <subfield code="a">UCIH</subfield>
    <subfield code="b">UCIH</subfield>
    <subfield code="c">CONSULTA</subfield>
    <subfield code="d">2012-10-15</subfield>
    <subfield code="f">1a ed.</subfield>
    <subfield code="h">V.9</subfield>
    <subfield code="k">IT</subfield>
    <subfield code="o">TH9 M66 1992 </subfield>
    <subfield code="p">BCU000012045</subfield>
    <subfield code="r">2015-01-16 00:00:00</subfield>
    <subfield code="t">1</subfield>
    <subfield code="v">1.00</subfield>
    <subfield code="y">LIB</subfield>
  </datafield>
  <datafield tag="952" ind1=" " ind2=" ">
    <subfield code="0"> | </subfield>
    <subfield code="1">0</subfield>
    <subfield code="2">lcc</subfield>
    <subfield code="4">0</subfield>
    <subfield code="7">0</subfield>
    <subfield code="a">UCIH</subfield>
    <subfield code="b">UCIH</subfield>
    <subfield code="c">CONSULTA</subfield>
    <subfield code="d">2012-10-15</subfield>
    <subfield code="f">1a ed.</subfield>
    <subfield code="h">V.10</subfield>
    <subfield code="k">IT</subfield>
    <subfield code="o">TH9 M66 1991</subfield>
    <subfield code="p">BCU000012046</subfield>
    <subfield code="r">2015-01-16 00:00:00</subfield>
    <subfield code="t">1</subfield>
    <subfield code="v">1.00</subfield>
    <subfield code="y">LIB</subfield>
  </datafield>
  <datafield tag="952" ind1=" " ind2=" ">
    <subfield code="0"> | </subfield>
    <subfield code="1">0</subfield>
    <subfield code="2">lcc</subfield>
    <subfield code="4">0</subfield>
    <subfield code="7">0</subfield>
    <subfield code="a">UCIH</subfield>
    <subfield code="b">UCIH</subfield>
    <subfield code="c">CONSULTA</subfield>
    <subfield code="d">2012-10-15</subfield>
    <subfield code="f">1a ed.</subfield>
    <subfield code="h">V.11</subfield>
    <subfield code="k">IT</subfield>
    <subfield code="o">TH9 M66 1992</subfield>
    <subfield code="p">BCU000012047</subfield>
    <subfield code="r">2015-01-16 00:00:00</subfield>
    <subfield code="t">1</subfield>
    <subfield code="v">1.00</subfield>
    <subfield code="y">LIB</subfield>
  </datafield>
  <datafield tag="952" ind1=" " ind2=" ">
    <subfield code="0"> | </subfield>
    <subfield code="1">0</subfield>
    <subfield code="2">lcc</subfield>
    <subfield code="4">0</subfield>
    <subfield code="7">0</subfield>
    <subfield code="a">UCIH</subfield>
    <subfield code="b">UCIH</subfield>
    <subfield code="c">CONSULTA</subfield>
    <subfield code="d">2012-10-15</subfield>
    <subfield code="f">1a ed.</subfield>
    <subfield code="h">V.12</subfield>
    <subfield code="k">IT</subfield>
    <subfield code="o">TH9 M66 1991 </subfield>
    <subfield code="p">BCU000012048</subfield>
    <subfield code="r">2015-01-16 00:00:00</subfield>
    <subfield code="t">1</subfield>
    <subfield code="v">1.00</subfield>
    <subfield code="y">LIB</subfield>
  </datafield>
  <datafield tag="952" ind1=" " ind2=" ">
    <subfield code="0"> | </subfield>
    <subfield code="1">0</subfield>
    <subfield code="2">lcc</subfield>
    <subfield code="4">0</subfield>
    <subfield code="7">0</subfield>
    <subfield code="a">UCIH</subfield>
    <subfield code="b">UCIH</subfield>
    <subfield code="c">CONSULTA</subfield>
    <subfield code="d">2012-10-15</subfield>
    <subfield code="f">1a ed.</subfield>
    <subfield code="h">V.13</subfield>
    <subfield code="k">IT</subfield>
    <subfield code="o">TH9 M66 1992 </subfield>
    <subfield code="p">BCU000012049</subfield>
    <subfield code="r">2015-01-16 00:00:00</subfield>
    <subfield code="t">1</subfield>
    <subfield code="v">1.00</subfield>
    <subfield code="y">LIB</subfield>
  </datafield>
  <datafield tag="952" ind1=" " ind2=" ">
    <subfield code="0"> | </subfield>
    <subfield code="1">0</subfield>
    <subfield code="2">lcc</subfield>
    <subfield code="4">0</subfield>
    <subfield code="7">0</subfield>
    <subfield code="a">UCIH</subfield>
    <subfield code="b">UCIH</subfield>
    <subfield code="c">CONSULTA</subfield>
    <subfield code="d">2012-10-15</subfield>
    <subfield code="f">1a ed.</subfield>
    <subfield code="h">V.14</subfield>
    <subfield code="k">IT</subfield>
    <subfield code="o">TH9 M66 1992 </subfield>
    <subfield code="p">BCU000012050</subfield>
    <subfield code="r">2015-01-16 00:00:00</subfield>
    <subfield code="t">1</subfield>
    <subfield code="v">1.00</subfield>
    <subfield code="y">LIB</subfield>
  </datafield>
  <datafield tag="952" ind1=" " ind2=" ">
    <subfield code="0"> | </subfield>
    <subfield code="1">0</subfield>
    <subfield code="2">lcc</subfield>
    <subfield code="4">0</subfield>
    <subfield code="7">0</subfield>
    <subfield code="a">UCIH</subfield>
    <subfield code="b">UCIH</subfield>
    <subfield code="c">CONSULTA</subfield>
    <subfield code="d">2012-10-15</subfield>
    <subfield code="f">1a ed.</subfield>
    <subfield code="h">V.15</subfield>
    <subfield code="k">IT</subfield>
    <subfield code="o">TH9 M66 1991 </subfield>
    <subfield code="p">BCU000012051</subfield>
    <subfield code="r">2015-01-16 00:00:00</subfield>
    <subfield code="t">1</subfield>
    <subfield code="v">1.00</subfield>
    <subfield code="y">LIB</subfield>
  </datafield>
  <datafield tag="952" ind1=" " ind2=" ">
    <subfield code="0"> | </subfield>
    <subfield code="1">0</subfield>
    <subfield code="2">lcc</subfield>
    <subfield code="4">0</subfield>
    <subfield code="7">0</subfield>
    <subfield code="a">UCIH</subfield>
    <subfield code="b">UCIH</subfield>
    <subfield code="c">CONSULTA</subfield>
    <subfield code="d">2012-10-15</subfield>
    <subfield code="f">1a ed.</subfield>
    <subfield code="h">V.16</subfield>
    <subfield code="k">IT</subfield>
    <subfield code="o">TH9 M66 1992 </subfield>
    <subfield code="p">BCU000012052</subfield>
    <subfield code="r">2015-01-16 00:00:00</subfield>
    <subfield code="t">1</subfield>
    <subfield code="v">1.00</subfield>
    <subfield code="y">LIB</subfield>
  </datafield>
  <datafield tag="952" ind1=" " ind2=" ">
    <subfield code="0"> | </subfield>
    <subfield code="1">0</subfield>
    <subfield code="2">lcc</subfield>
    <subfield code="4">0</subfield>
    <subfield code="7">0</subfield>
    <subfield code="a">UCIH</subfield>
    <subfield code="b">UCIH</subfield>
    <subfield code="c">CONSULTA</subfield>
    <subfield code="d">2012-10-15</subfield>
    <subfield code="f">1a ed.</subfield>
    <subfield code="h">V.20</subfield>
    <subfield code="k">IT</subfield>
    <subfield code="o">TH9 M66 1992</subfield>
    <subfield code="p">BCU000012054</subfield>
    <subfield code="r">2015-01-16 00:00:00</subfield>
    <subfield code="t">1</subfield>
    <subfield code="v">1.00</subfield>
    <subfield code="y">LIB</subfield>
  </datafield>
  <datafield tag="952" ind1=" " ind2=" ">
    <subfield code="0"> | </subfield>
    <subfield code="1">0</subfield>
    <subfield code="2">lcc</subfield>
    <subfield code="4">0</subfield>
    <subfield code="7">0</subfield>
    <subfield code="a">UCIH</subfield>
    <subfield code="b">UCIH</subfield>
    <subfield code="c">CONSULTA</subfield>
    <subfield code="d">2012-10-15</subfield>
    <subfield code="f">1a ed.</subfield>
    <subfield code="h">V.21</subfield>
    <subfield code="k">IT</subfield>
    <subfield code="o">TH9 M66 1993 </subfield>
    <subfield code="p">BCU000012055</subfield>
    <subfield code="r">2015-01-16 00:00:00</subfield>
    <subfield code="t">1</subfield>
    <subfield code="v">1.00</subfield>
    <subfield code="y">LIB</subfield>
  </datafield>
  <datafield tag="952" ind1=" " ind2=" ">
    <subfield code="0"> | </subfield>
    <subfield code="1">0</subfield>
    <subfield code="2">lcc</subfield>
    <subfield code="4">0</subfield>
    <subfield code="7">0</subfield>
    <subfield code="a">UCIH</subfield>
    <subfield code="b">UCIH</subfield>
    <subfield code="c">CONSULTA</subfield>
    <subfield code="d">2012-10-15</subfield>
    <subfield code="f">1a ed.</subfield>
    <subfield code="h">V.22</subfield>
    <subfield code="k">IT</subfield>
    <subfield code="o">TH9 M66 1991</subfield>
    <subfield code="p">BCU000012056</subfield>
    <subfield code="r">2015-01-16 00:00:00</subfield>
    <subfield code="t">1</subfield>
    <subfield code="v">1.00</subfield>
    <subfield code="y">LIB</subfield>
  </datafield>
  <datafield tag="952" ind1=" " ind2=" ">
    <subfield code="0"> | </subfield>
    <subfield code="1">0</subfield>
    <subfield code="2">lcc</subfield>
    <subfield code="4">0</subfield>
    <subfield code="7">0</subfield>
    <subfield code="a">UCIH</subfield>
    <subfield code="b">UCIH</subfield>
    <subfield code="c">CONSULTA</subfield>
    <subfield code="d">2012-10-15</subfield>
    <subfield code="f">1a ed.</subfield>
    <subfield code="h">V.23</subfield>
    <subfield code="k">IT</subfield>
    <subfield code="o">TH9 M66 1991 </subfield>
    <subfield code="p">BCU000012057</subfield>
    <subfield code="r">2015-01-16 00:00:00</subfield>
    <subfield code="t">1</subfield>
    <subfield code="v">1.00</subfield>
    <subfield code="y">LIB</subfield>
  </datafield>
  <datafield tag="952" ind1=" " ind2=" ">
    <subfield code="0"> | </subfield>
    <subfield code="1">0</subfield>
    <subfield code="2">lcc</subfield>
    <subfield code="4">0</subfield>
    <subfield code="7">0</subfield>
    <subfield code="a">UCIH</subfield>
    <subfield code="b">UCIH</subfield>
    <subfield code="c">CONSULTA</subfield>
    <subfield code="d">2012-10-15</subfield>
    <subfield code="f">1a ed.</subfield>
    <subfield code="h">V.24</subfield>
    <subfield code="k">IT</subfield>
    <subfield code="o">TH9 M66 1992 </subfield>
    <subfield code="p">BCU000012058</subfield>
    <subfield code="r">2015-01-16 00:00:00</subfield>
    <subfield code="t">1</subfield>
    <subfield code="v">1.00</subfield>
    <subfield code="y">LIB</subfield>
  </datafield>
  <datafield tag="952" ind1=" " ind2=" ">
    <subfield code="0"> | </subfield>
    <subfield code="1">0</subfield>
    <subfield code="2">lcc</subfield>
    <subfield code="4">0</subfield>
    <subfield code="7">0</subfield>
    <subfield code="a">UCIH</subfield>
    <subfield code="b">UCIH</subfield>
    <subfield code="c">CONSULTA</subfield>
    <subfield code="d">2012-10-15</subfield>
    <subfield code="f">1a ed.</subfield>
    <subfield code="h">V.25</subfield>
    <subfield code="k">IT</subfield>
    <subfield code="o">TH9 M66 1992</subfield>
    <subfield code="p">BCU000012059</subfield>
    <subfield code="r">2015-01-16 00:00:00</subfield>
    <subfield code="t">1</subfield>
    <subfield code="v">1.00</subfield>
    <subfield code="y">LIB</subfield>
  </datafield>
  <datafield tag="952" ind1=" " ind2=" ">
    <subfield code="0"> | </subfield>
    <subfield code="1">0</subfield>
    <subfield code="2">lcc</subfield>
    <subfield code="4">0</subfield>
    <subfield code="7">0</subfield>
    <subfield code="a">UCIH</subfield>
    <subfield code="b">UCIH</subfield>
    <subfield code="c">CONSULTA</subfield>
    <subfield code="d">2012-10-15</subfield>
    <subfield code="f">1a ed.</subfield>
    <subfield code="h">V.26</subfield>
    <subfield code="k">IT</subfield>
    <subfield code="o">TH9 M66 1991 </subfield>
    <subfield code="p">BCU000012060</subfield>
    <subfield code="r">2015-01-16 00:00:00</subfield>
    <subfield code="t">1</subfield>
    <subfield code="v">1.00</subfield>
    <subfield code="y">LIB</subfield>
  </datafield>
  <datafield tag="952" ind1=" " ind2=" ">
    <subfield code="0"> | </subfield>
    <subfield code="1">0</subfield>
    <subfield code="2">lcc</subfield>
    <subfield code="4">0</subfield>
    <subfield code="7">0</subfield>
    <subfield code="a">UCIH</subfield>
    <subfield code="b">UCIH</subfield>
    <subfield code="c">CONSULTA</subfield>
    <subfield code="d">2012-10-15</subfield>
    <subfield code="f">1a ed.</subfield>
    <subfield code="h">V.27</subfield>
    <subfield code="k">IT</subfield>
    <subfield code="o">TH9 M66 1993 </subfield>
    <subfield code="p">BCU000012061</subfield>
    <subfield code="r">2015-01-16 00:00:00</subfield>
    <subfield code="t">1</subfield>
    <subfield code="v">1.00</subfield>
    <subfield code="y">LIB</subfield>
  </datafield>
  <datafield tag="952" ind1=" " ind2=" ">
    <subfield code="1">0</subfield>
    <subfield code="2">lcc</subfield>
    <subfield code="4">0</subfield>
    <subfield code="7">0</subfield>
    <subfield code="a">UCIH</subfield>
    <subfield code="b">UCIH</subfield>
    <subfield code="c">CONSULTA</subfield>
    <subfield code="d">2012-10-15</subfield>
    <subfield code="f">1a ed.</subfield>
    <subfield code="h">V.28</subfield>
    <subfield code="k">IT</subfield>
    <subfield code="o">TH9 M66 1992 </subfield>
    <subfield code="p">BCU000012062</subfield>
    <subfield code="r">2015-01-16 00:00:00</subfield>
    <subfield code="t">1</subfield>
    <subfield code="v">1.00</subfield>
    <subfield code="y">LIB</subfield>
  </datafield>
  <datafield tag="952" ind1=" " ind2=" ">
    <subfield code="0"> | </subfield>
    <subfield code="1">0</subfield>
    <subfield code="2">lcc</subfield>
    <subfield code="4">0</subfield>
    <subfield code="7">0</subfield>
    <subfield code="a">UCIH</subfield>
    <subfield code="b">UCIH</subfield>
    <subfield code="c">CONSULTA</subfield>
    <subfield code="d">2012-10-15</subfield>
    <subfield code="f">1a ed.</subfield>
    <subfield code="h">V.29</subfield>
    <subfield code="k">IT</subfield>
    <subfield code="o">TH9 M66 1992 </subfield>
    <subfield code="p">BCU000012063</subfield>
    <subfield code="r">2015-01-16 00:00:00</subfield>
    <subfield code="t">1</subfield>
    <subfield code="v">1.00</subfield>
    <subfield code="y">LIB</subfield>
  </datafield>
  <datafield tag="952" ind1=" " ind2=" ">
    <subfield code="0"> | </subfield>
    <subfield code="1">0</subfield>
    <subfield code="2">lcc</subfield>
    <subfield code="4">0</subfield>
    <subfield code="7">0</subfield>
    <subfield code="a">UCIH</subfield>
    <subfield code="b">UCIH</subfield>
    <subfield code="c">CONSULTA</subfield>
    <subfield code="d">2012-10-15</subfield>
    <subfield code="f">1a ed.</subfield>
    <subfield code="h">V.30</subfield>
    <subfield code="k">IT</subfield>
    <subfield code="o">TH9 M66 1993                           </subfield>
    <subfield code="p">BCU000012064</subfield>
    <subfield code="r">2015-01-16 00:00:00</subfield>
    <subfield code="t">1</subfield>
    <subfield code="v">1.00</subfield>
    <subfield code="y">LIB</subfield>
  </datafield>
  <datafield tag="952" ind1=" " ind2=" ">
    <subfield code="0"> | </subfield>
    <subfield code="1">0</subfield>
    <subfield code="2">lcc</subfield>
    <subfield code="4">0</subfield>
    <subfield code="7">0</subfield>
    <subfield code="a">UCIH</subfield>
    <subfield code="b">UCIH</subfield>
    <subfield code="c">CONSULTA</subfield>
    <subfield code="d">2012-10-16</subfield>
    <subfield code="f">1a ed.</subfield>
    <subfield code="h">V.6</subfield>
    <subfield code="k">IT</subfield>
    <subfield code="o">TH9 M66 1992</subfield>
    <subfield code="p">BCU000012065</subfield>
    <subfield code="r">2015-01-16 00:00:00</subfield>
    <subfield code="t">1</subfield>
    <subfield code="v">1.00</subfield>
    <subfield code="y">LIB</subfield>
  </datafield>
  <datafield tag="952" ind1=" " ind2=" ">
    <subfield code="1">0</subfield>
    <subfield code="2">lcc</subfield>
    <subfield code="4">0</subfield>
    <subfield code="7">0</subfield>
    <subfield code="a">UCIH</subfield>
    <subfield code="b">UCIH</subfield>
    <subfield code="c">CONSULTA</subfield>
    <subfield code="d">2023-05-24</subfield>
    <subfield code="f">1a ed.</subfield>
    <subfield code="h">V : 18</subfield>
    <subfield code="k">IT</subfield>
    <subfield code="l">0</subfield>
    <subfield code="o">TH9 M66 1992</subfield>
    <subfield code="p">BCU000012053</subfield>
    <subfield code="r">2023-05-24 00:00:00</subfield>
    <subfield code="t">1</subfield>
    <subfield code="v">1.00</subfield>
    <subfield code="y">LIB</subfield>
  </datafield>
</record>
